Normal view
MARC view
- Rehman, Sanam
Entry Personal Name
001 - CONTROL NUMBER
- control field: 130436
003 - CONTROL NUMBER IDENTIFIER
- control field: NUST
005 - DATE AND TIME OF LATEST TRANSACTION
- control field: 20250829115810.0
008 - FIXED-LENGTH DATA ELEMENTS
- fixed length control field: 250829|| aca||aabn | a|a d
040 ## - CATALOGING SOURCE
- Original cataloging agency: NUST
- Transcribing agency: NUST
100 ## - HEADING--PERSONAL NAME
- Personal name: Rehman, Sanam
670 ## - SOURCE DATA FOUND
- Source citation: Work cat.: (NUST): Rehman, Sanam , Metabolic Syndrome Management: Strategies for Early Detections and Preventive Interventions /
